000 00229 a2200097 4500
001 39029
100 _aWell
245 _aLab View Student Edition Windows Package
260 _aU S A
_bPrentice Hall
_c1995
090 _c24633
_d24633
942 _aNUST-CAE
_cM
_c16262
999 _c274102
_d274102